000
00306 a2200133 4500
005
20250626155102.0
020
_a
0-9693593-9-X
082
_a
332.024 WAT
100
_a
WATTERS, G. G.
245
_a
Financial Pursuit
260
_a
New York,
_b
FKI,
_c
1996.
300
_a
270p.;
_b
Index
_c
26cm.
942
_2
ddc
_c
BKS
999
_c
5432
_d
5432